000 00357nam a2200133Ia 4500
008 240624s9999 xx 000 0 und d
041 _aeng
082 _a823 THA
100 _aTHALER LINDA KAPLAN
245 _aPOWER OF NICE HOW TO CONQUER THE BUSINES
260 _c2011
_aNew Delhi
_bVirgin Books
300 _axiv, : 127 : p. : cm. ; 20
365 _cRS
_b25
999 _c19974
_d19974